Čínska hodvábna cesta (Belt and Road Initiative) - príležitosť alebo riziko pre konkurencieschopnosť exportu EÚ a SR? súbor vedeckých statí k projektu VEGA

Na minha lista:
Detalhes bibliográficos
Autor Corporativo: Obchodná fakulta EU. Katedra medzinárodného obchodu
Outros Autores: Knapik, Peter, Vrábelová, Helena
Formato: Livro
Idioma:eslovaco
Publicado em: Bratislava Vydavateľstvo EKONÓM 2022
Edição:1. vydanie
Assuntos:
Tags: Adicionar Tag
Sem tags, seja o primeiro a adicionar uma tag!

MARC

LEADER 00000nam a2200000 4500
001 0290013
005 20240416114201.2
020 |a 978-80-225-5026-0 
041 0 |a slo 
044 |a SK 
245 1 0 |a Čínska hodvábna cesta (Belt and Road Initiative) - príležitosť alebo riziko pre konkurencieschopnosť exportu EÚ a SR?  |b súbor vedeckých statí k projektu VEGA  |c recenzenti: Peter Knapik, Helena Vrábelová 
250 |a 1. vydanie 
264 1 |a Bratislava  |b Vydavateľstvo EKONÓM  |c 2022 
300 |a 154 s. 
610 2 0 |a vzťahy medzinárodné 
610 2 0 |a spolupráca hospodárska medzinárodná 
610 2 0 |a obchod zahraničný 
610 2 0 |a partneri obchodní 
610 2 0 |a investície priame zahraničné 
610 2 0 |a vývoz 
610 2 0 |a konkurencieschopnosť 
610 2 0 |a Čína 
610 2 0 |a Európska únia 
610 2 0 |a Slovensko 
700 1 |a Knapik, Peter 
700 1 |a Vrábelová, Helena 
710 2 |a Obchodná fakulta EU. Katedra medzinárodného obchodu